00287nam a2200109Ia 4500008004100000100002300041245003800064250000800102260004300110300000800153650001600161191201s2019 xx 000 0 und d aZEIGLER, Bernard P 0aTheory of Modeling and Simulation a2nd aN.DelhibAcademic Press Hascourt India a510 aB.Tech(ECE)